000 01087nmm a2200313 a 4500
001 ocm0001683083
003 TR-IsHL
005 20201028170036.0
008 171226s2010 tu tur
007 cr cn
020 _a9786054200559
035 _a1683083
_b(N$T)
050 0 4 _aPL202
_b.T45 2010
090 0 4 _aPL202
_b.T45 2010
100 1 _aTekin, Arslan
245 1 0 _aEdebiyatımızda isimler ve terimler
_h[electronic resource] /
_cArslan Tekin
250 _aGözden geçirilmiş dördüncü basım
260 _aİ̇stanbul :
_bBilge Oğuz Yayınları,
_c2010
300 _a1249 p.
500 _aKaynaka var.
_x
650 4 _aDil ve Edebiyat
650 4 _aLanguage and Literature
650 0 _aTürk edebiyatı
_x Sözlükler
_x Türkçe
650 0 _aTurkish literature
_x Dictionaries
_x Turkish
650 0 _aTürk dili
_x Sözlükler
650 0 _aTurkish language
_x Dictionaries
650 7 _aLANGUAGE ARTS & DISCIPLINES / Authorship
_2bisacsh
856 4 0 _uhttp://search.ebscohost.com/login.aspx?direct=true&scope=site&db=e011xww&AN=1683083
999 _c16067
_d16067